Catálogo

Diario íntimo / (Registro nro. 25485)

Detalles MARC
000 -LEADER
fixed length control field 01124cam a2200349 i 4500
001 - CONTROL NUMBER
control field 25485
003 - CONTROL NUMBER IDENTIFIER
control field Mx-PuUPA
005 - DATE AND TIME OF LATEST TRANSACTION
control field 20251008102141.0
008 - FIXED-LENGTH DATA ELEMENTS--GENERAL INFORMATION
fixed length control field 140415s1978 sp gr 000 0dspa d
017 ## - COPYRIGHT OR LEGAL DEPOSIT NUMBER
Copyright or legal deposit number M. 15044 - 1978
020 ## - INTERNATIONAL STANDARD BOOK NUMBER
International Standard Book Number 8420612839
040 ## - CATALOGING SOURCE
Original cataloging agency Mx-PuUPA
Language of cataloging spa
Transcribing agency Mx-PuUPA
Modifying agency Mx-PuUPA
Description conventions rda
041 0# - LANGUAGE CODE
Language code of text/sound track or separate title spa
100 1# - MAIN ENTRY--PERSONAL NAME
Personal name Unamuno, Miguel de,
Dates associated with a name 1864-1936
9 (RLIN) 4742
Relator term autor
245 10 - TITLE STATEMENT
Title Diario íntimo /
Remainder of title Miguel de Unamuno
250 ## - EDITION STATEMENT
Edition statement Cuarta edición
264 #1 - PRODUCTION, PUBLICATION, DISTRIBUTION, MANUFACTURE, AND COPYRIGHT NOTICE
Place of production, publication, distribution, manufacture Madrid, España :
Name of producer, publisher, distributor, manufacturer Alianza Editorial,
Date of production, publication, distribution, manufacture, or copyright notice 1978
300 ## - PHYSICAL DESCRIPTION
Extent 215 páginas ;
Dimensions 18 cm
336 ## - CONTENT TYPE
Fuente rdacontent
Content type term texto
Content type code txt
337 ## - MEDIA TYPE
Source rdamedia
Media type term sin medio
Media type code n
338 ## - CARRIER TYPE
Source rdacarrier
Carrier type term volumen
Carrier type code nc
490 0# - SERIES STATEMENT
Series statement El libro de bolsillo ;
Volume/sequential designation 283
490 0# - SERIES STATEMENT
Series statement Humanidades
600 04 - SUBJECT ADDED ENTRY--PERSONAL NAME
Personal name Unamuno, Miguel de,
Dates associated with a name 1864-1836
Form subdivision Biografías
600 04 - SUBJECT ADDED ENTRY--PERSONAL NAME
Personal name Unamuno, Miguel,
Dates associated with a name 1864-1936
General subdivision Diarios personales
650 #7 - SUBJECT ADDED ENTRY--TOPICAL TERM
Source of heading or term armarc
Topical term or geographic name entry element Autores españoles
General subdivision
Form subdivision Biografías
942 ## - ADDED ENTRY ELEMENTS (KOHA)
Source of classification or shelving scheme Dewey Decimal Classification
Koha item type Libro
Classification part 809.8946
Item part U54
Existencias
Withdrawn status Lost status Source of classification or shelving scheme Damaged status Not for loan Collection code Home library Current library Shelving location Date acquired Source of acquisition Cost, normal purchase price Total Checkouts Full call number Barcode Date last seen Cost, replacement price Price effective from Koha item type
    Dewey Decimal Classification     General Biblioteca Karol Wojtyla Biblioteca Karol Wojtyla Sala general 03/12/2013 Donación 0.00   809.8946 U54 1978 47432 05/01/2026 0.00 03/12/2013 Libro